[Event "36th Reykjavik op"]
[Site "Reykjavik ISL"]
[Date "2023.03.31"]
[Round "4.112"]
[White "Heldenbergh, Nils"]
[Black "Sigurthorsson, Kristinn J"]
[WhiteElo "2141"]
[BlackElo "1808"]
[Result "1-0"]
[EventDate "2023.03.29"]
[PlyCount "63"]

1. e4 c5 2. Nf3 Nc6 3. d4 cxd4 4. Nxd4 g6 5. Nc3 Bg7 6. Be3 Nf6 7. Bc4 O-O 8. Bb3
Qa5 9. O-O h5 10. h3 h4 11. Nf3 Qh5 12. Qd2 d6 13. Ng5 Nh7 14. Nxh7 Kxh7 15. Rad1
g5 16. Bxg5 Rg8 17. f4 Bd4+ 18. Kh1 Rg7 19. Qe2 Qxe2 20. Nxe2 Bxb2 21. Bxh4 a5 22.
Bd5 f6 23. Rb1 Ba3 24. c3 Bc5 25. f5 a4 26. Nf4 Kh6 27. Nd3 Be3 28. Be1 Na5 29. Rf3
Ba7 30. Rf4 Rg5 31. Rh4+ Kg7 32. Bd2  1-0

[Event "36th Reykjavik op"]
[Site "Reykjavik ISL"]
[Date "2023.03.31"]
[Round "4.113"]
[White "Mai, Alexander Oliver"]
[Black "Fresow, Boris"]
[WhiteElo "2141"]
[BlackElo "1804"]
[Result "1/2-1/2"]
[EventDate "2023.03.29"]
[PlyCount "89"]

1. e4 c6 2. Nc3 d5 3. Nf3 Bg4 4. h3 Bxf3 5. Qxf3 e6 6. Be2 Bc5 7. O-O Nd7 8. Qg3
Bd4 9. d3 Ne7 10. Be3 Bxe3 11. Qxe3 O-O 12. d4 dxe4 13. Nxe4 Nd5 14. Qb3 Qb6 15.
c3 Qxb3 16. axb3 a5 17. Nd6 b6 18. Bf3 N7f6 19. Nc4 Rab8 20. Ne5 Rfc8 21. Nd3 Rc7
22. Ra4 Nd7 23. b4 axb4 24. Nxb4 Nxb4 25. Rxb4 Ra8 26. Rc4 Nb8 27. Rd1 Raa7 28. Kf1
Kf8 29. Ke2 Ke7 30. h4 h6 31. g3 Kd6 32. Bg2 b5 33. Rb4 Nd7 34. Kd3 Nb6 35. Kc2 Nc4
36. Bf1 Nb6 37. Rb3 Ra4 38. Bd3 Rca7 39. Kd2 Nd5 40. Rc1 Nb6 41. Be2 Nc4+ 42. Kc2
Na5 43. Ra3 Rxa3 44. bxa3 Nc4 45. Bxc4  1/2-1/2

[Event "36th Reykjavik op"]
[Site "Reykjavik ISL"]
[Date "2023.03.31"]
[Round "4.114"]
[White "Wheatley, Wilfred"]
[Black "Kather, Yannick"]
[WhiteElo "1854"]
[BlackElo "2137"]
[Result "1-0"]
[EventDate "2023.03.29"]
[PlyCount "73"]

1. e4 c5 2. Nf3 Nc6 3. d4 cxd4 4. Nxd4 g6 5. c4 Nf6 6. Nc3 d6 7. Be3 Bg7 8. Be2 Bd7
9. O-O O-O 10. Qd2 Nxd4 11. Bxd4 Bc6 12. f3 a5 13. b3 Nd7 14. Be3 Nc5 15. Rab1 e6
16. Rfd1 Be5 17. Bh6 Re8 18. f4 Bf6 19. Bf3 Qb6 20. Kh1 Qb4 21. Rbc1 Red8 22. Qe3
Bh8 23. Bg5 f6 24. Bh4 a4 25. Be1 axb3 26. Nb5 Qa4 27. Nxd6 bxa2 28. Qxc5 a1=Q 29.
Rxa1 Qxa1 30. Rxa1 Rxa1 31. h3 Rxe1+ 32. Kh2 Ra1 33. Nxb7 Bxb7 34. Qc7 Rc8 35. Qxb7
Rxc4 36. Qd7 Ra6 37. Be2  1-0

[Event "36th Reykjavik op"]
[Site "Reykjavik ISL"]
[Date "2023.03.31"]
[Round "4.115"]
[White "Van Kessel, Wessel"]
[Black "Grose, Kameron"]
[WhiteElo "2137"]
[BlackElo "1800"]
[Result "1-0"]
[EventDate "2023.03.29"]
[PlyCount "30"]

1. c4 c5 2. g3 g6 3. Bg2 Bg7 4. Nc3 Nc6 5. a3 e6 6. Rb1 Nge7 7. b4 d6 8. h4 h5 9.
Na4 cxb4 10. axb4 Qc7 11. Nh3 Rb8 12. b5 Na5 13. d3 b6 14. O-O Bb7 15. e4 Ba6 (15...
Ba8 16. Bb2 O-O 17. Bxg7 Kxg7 18. Nf4 Rbd8 19. Nc3 Qc5 20. Re1 Qd4 21. Qc2 Rd7 22.
Bh3 Kh7 23. Re3 Re8 24. Kh2 Qf6 25. Rbe1 Rc7 26. e5 dxe5 27. Rxe5 Rb7 (27... Nb7
28. Ne4 Qxe5 29. Ng5+ Qxg5 30. hxg5 Nd6 31. Qb2 Ndf5 32. Bg2 Bxg2 33. Kxg2 Kg8 34.
Rh1 Ng7 35. Re1 Nef5 36. Qf6 Rce7 37. Qa1 Rd7 38. Re4 Nd6 39. Re2 Ndf5 40. Ra2 Ree7
41. Qe5 Re8 42. Qa1 Ree7 43. Qe5 Re8 44. Ra3 Rc8 45. f3 Nd6 46. Kf2 Rc5 47. Qa1 Nc8
48. Rb3 (48. Nh3 Nf5 49. Qf6 e5 50. g4 Ng7 51. Nf4 Ne8 52. Nxh5 Rd4 53. Rxa7 Nxf6
54. Nxf6+ Kh8 55. Rxf7) 48... Nf5 49. Qf6 e5 50. g4 Ng7))  1-0

[Event "36th Reykjavik op"]
[Site "Reykjavik ISL"]
[Date "2023.03.31"]
[Round "4.116"]
[White "Jonsson, Olafur Gisli"]
[Black "Krivenko, Dion"]
[WhiteElo "1817"]
[BlackElo "2136"]
[Result "0-1"]
[EventDate "2023.03.29"]
[PlyCount "94"]

1. d4 g6 2. c4 Bg7 3. Nc3 d6 4. Nf3 Nd7 5. Bg5 h6 6. Bh4 Ngf6 7. e3 O-O 8. Be2 c5
9. Qc2 cxd4 10. exd4 d5 11. O-O dxc4 12. Bxc4 Nb6 13. Bb3 Bf5 14. Qd2 g5 15. Bg3
e6 16. Rad1 Rc8 17. Ne5 Nbd5 18. f3 a6 19. Rfe1 b5 20. Ne4 a5 21. Nc5 a4 22. Bc2
Bxc2 23. Qxc2 Nh5 24. Qd2 Nxg3 25. hxg3 Nb6 26. Qd3 b4 27. Kh2 Nd5 28. Nxa4 Qd6 29.
Qb3 Rfd8 30. Nc5 Bxe5 31. Ne4 Bxg3+ 32. Nxg3 Ne7 33. Kh3 Ng6 34. Nh5 Nf4+ 35. Nxf4
Qxf4 36. g3 Qf5+ 37. g4 Qf6 38. Qd3 Rd5 39. Re4 Kg7 40. Qe3 Rcd8 41. a3 bxa3 42.
bxa3 h5 43. gxh5 e5 44. Rg1 exd4 45. Qd3 Rc8 46. Rg3 Rc3 47. Qd1 d3  0-1

[Event "36th Reykjavik op"]
[Site "Reykjavik ISL"]
[Date "2023.03.31"]
[Round "4.117"]
[White "Ingvason, Johann"]
[Black "Eiriksson, Sigurdur"]
[WhiteElo "2122"]
[BlackElo "1798"]
[Result "1-0"]
[EventDate "2023.03.29"]
[PlyCount "39"]

1. e4 c5 2. Nf3 d6 3. d4 cxd4 4. Nxd4 Nf6 5. Nc3 g6 6. Bc4 Bg7 7. O-O O-O 8. h3 Nc6
9. Nxc6 bxc6 10. Qf3 Bb7 11. Rd1 Qa5 12. Bd2 Qc7 13. Bf4 Nd7 14. Qe2 Ne5 15. Bb3
a5 16. Qe3 Ba6 17. Bh6 Nc4 18. Bxc4 Bxc4 19. Bxg7 Kxg7 20. Qd4+  1-0

[Event "36th Reykjavik op"]
[Site "Reykjavik ISL"]
[Date "2023.03.31"]
[Round "4.118"]
[White "De Kleijn, Erwin"]
[Black "Jaksland, Tim"]
[WhiteElo "1798"]
[BlackElo "2117"]
[Result "0-1"]
[EventDate "2023.03.29"]
[PlyCount "82"]

1. e4 e5 2. d4 exd4 3. Nf3 Nc6 4. Bc4 Bc5 5. O-O d6 6. c3 Bg4 7. Qb3 Bxf3 8. Bxf7+
Kf8 9. Bxg8 Rxg8 10. gxf3 g5 11. Qe6 Qe7 12. Qxe7+ Kxe7 13. cxd4 Nxd4 14. Nc3 Nxf3+
15. Kg2 Raf8 16. Be3 Bxe3 17. Nd5+ Kd8 18. Nxe3 Nd2 19. Rfd1 Nxe4 20. f3 Nc5 21.
Rac1 Ne6 22. Rc4 Rf4 23. Rc3 Rd4 24. Rdc1 Rd2+ 25. Kh1 Rf8 26. Re1 Nd4 27. Nf1 Rxb2
28. Rd1 Nxf3 29. Rdc1 c5 30. Rd1 Kc7 31. Ra3 a6 32. Rad3 Rf6 33. a3 g4 34. Nd2 Nxd2
35. R3xd2 Rxd2 36. Rxd2 Kc6 37. Re2 c4 38. Kg2 d5 39. Re7 c3 40. Rxh7 c2 41. Rh8
Kc5  0-1

[Event "36th Reykjavik op"]
[Site "Reykjavik ISL"]
[Date "2023.03.31"]
[Round "4.120"]
[White "Birkisson, Bjoern Holm"]
[Black "Ingason, Sigurdur"]
[WhiteElo "2110"]
[BlackElo "1756"]
[Result "1-0"]
[EventDate "2023.03.29"]
[PlyCount "43"]

1. e4 e5 2. Nf3 Nf6 3. d4 Nxe4 4. Bd3 Nc6 5. Nxe5 d5 6. Nxc6 bxc6 7. O-O Be7 8. Re1
Bf5 9. Qe2 Kf8 10. Nd2 Nd6 11. Nf3 Bg4 12. h3 Bxf3 13. Qxf3 Qd7 14. Bf4 Re8 15. b3
Bd8 16. c4 Rxe1+ 17. Rxe1 Ne8 18. Bd2 Be7 19. Qe2 Nf6 20. cxd5 Nxd5 21. Be4 Bf6 22.
Bxd5  1-0

[Event "36th Reykjavik op"]
[Site "Reykjavik ISL"]
[Date "2023.03.31"]
[Round "4.121"]
[White "Hill, Andy"]
[Black "Hoffmann, Sebastian"]
[WhiteElo "1802"]
[BlackElo "2108"]
[Result "1/2-1/2"]
[EventDate "2023.03.29"]
[PlyCount "168"]

1. Nf3 Nf6 2. c4 g6 3. d4 Bg7 4. g3 d5 5. cxd5 Nxd5 6. Bg2 Nb6 7. O-O Nc6 8. e3 O-O
9. Nc3 Re8 10. Nh4 a5 11. f4 a4 12. Kh1 a3 13. b3 Nb4 14. Ne4 N6d5 15. Qd2 Nxe3 16.
Qxb4 Nxf1 17. Bxf1 Qxd4 18. Qxd4 Bxd4 19. Rb1 Bd7 20. Bg2 Bc6 21. Bd2 f5 22. Nc3
e5 23. Bxc6 bxc6 24. Nf3 Bxc3 25. Bxc3 exf4 26. Ne5 fxg3 27. hxg3 Rad8 28. Re1 Rd5
29. Kg2 Rc5 30. Nc4 Rxe1 31. Bxe1 Rd5 32. Nxa3 Rd1 33. Bc3 Kf7 34. Nc4 Ke6 35. Bb2
Rd3 36. Be5 g5 37. Kf2 Kd5 38. Ke2 Ke4 39. Bxc7 Rd7 40. Bb6 f4 41. gxf4 Kxf4 42.
Be3+ Kf5 43. a4 h5 44. a5 h4 45. Kf2 Rh7 46. Kg2 g4 47. Bg1 Kf4 48. Kh2 Re7 49. Be3+
Kf3 50. a6 c5 51. b4 cxb4 52. a7 Re8 53. Nd6 Rg8 54. Bd4 g3+ 55. Kh3 b3 56. Nc4 Ke4
57. Be5 Ra8 58. Bb8 Kf3 59. Nd2+ Kf2 60. Nxb3 g2 61. Bh2 g1=Q 62. Bxg1+ Kxg1 63.
Kxh4 Rxa7 64. Kg4 Rc7 65. Kf5 Kf2 66. Ke5 Ke3 67. Kd5 Rb7 68. Nc5 Rb4 69. Ne6 Ra4
70. Nc5 Rh4 71. Ne6 Rh5+ 72. Kc4 Re5 73. Nc5 Rh5 74. Ne6 Rh4+ 75. Kd5 Kd3 76. Nc5+
Kc3 77. Ne4+ Kb4 78. Kd4 Rh8 79. Nd6 Rh1 80. Ne4 Rd1+ 81. Ke5 Kc4 82. Nd6+ Kd3 83.
Kd5 Rd2 84. Ke5 Ra2  1/2-1/2

[Event "36th Reykjavik op"]
[Site "Reykjavik ISL"]
[Date "2023.03.31"]
[Round "4.122"]
[White "Opasiak, Dustin Tennessee"]
[Black "Johansson, Jukka"]
[WhiteElo "1748"]
[BlackElo "2106"]
[Result "0-1"]
[EventDate "2023.03.29"]
[PlyCount "56"]

1. Nf3 Nf6 2. g3 g6 3. Bg2 Bg7 4. O-O O-O 5. d3 c5 6. Nbd2 d5 7. e4 Nc6 8. c3 e5
9. Qc2 b6 10. Rd1 Bb7 11. Nf1 d4 12. Bg5 h6 13. Bxf6 Bxf6 14. c4 Qd7 15. h3 Kg7 16.
g4 Nd8 17. Ng3 Ne6 18. h4 Rae8 19. h5 Nf4 20. hxg6 fxg6 21. Nh2 Bh4 22. Nh1 Bc8 23.
Rd2 Qe7 24. f3 Rh8 25. Nf2 Bg3 26. Nf1 Bxf2+ 27. Kxf2 Qh4+ 28. Ng3 Qh2  0-1

[Event "36th Reykjavik op"]
[Site "Reykjavik ISL"]
[Date "2023.03.31"]
[Round "4.123"]
[White "Hallsson, Jon Eggert"]
[Black "Vemparala, Nikash"]
[WhiteElo "1747"]
[BlackElo "2100"]
[Result "0-1"]
[EventDate "2023.03.29"]
[PlyCount "60"]

1. e4 e5 2. Nf3 Nc6 3. Bb5 Bc5 4. O-O d6 5. d4 exd4 6. Nxd4 Bd7 7. Nxc6 bxc6 8. Bc4
Nf6 9. Bg5 h6 10. Bh4 Rb8 11. Nc3 O-O 12. Na4 Bb6 13. Nxb6 Rxb6 14. f4 Bg4 15. Bxf6
Qxf6 16. Qxg4 Qd4+ 17. Kh1 Qxc4 18. f5 f6 19. b3 Qxc2 20. Rf3 Rb4 21. Re1 Re8 22.
h3 Rbxe4 23. Rxe4 Qxe4 24. Qh5 Re7 25. Rg3 d5 26. Kh2 Qf4 27. Qg4 Qxg4 28. Rxg4 c5
29. Ra4 d4 30. Rxa7 Rd7  0-1

[Event "36th Reykjavik op"]
[Site "Reykjavik ISL"]
[Date "2023.03.31"]
[Round "4.124"]
[White "Murphy, Hugh"]
[Black "Tacconi, Antonio"]
[WhiteElo "2100"]
[BlackElo "1736"]
[Result "1-0"]
[EventDate "2023.03.29"]
[PlyCount "97"]

1. d4 Nf6 2. Nf3 e6 3. e3 b6 4. Bd3 Bb7 5. O-O Be7 6. c4 d6 7. Nc3 Nbd7 8. e4 e5
9. d5 O-O 10. Re1 Re8 11. Nd2 Nf8 12. Nf1 Ng6 13. Ng3 Bc8 14. Bd2 Bd7 15. Bc2 a6
16. Ba4 Rb8 17. Bxd7 Nxd7 18. b4 Ra8 19. a3 Bg5 20. Nf5 Bxd2 21. Qxd2 Nf4 22. Ne2
Qg5 23. Nxf4 exf4 24. h4 Qf6 25. Qxf4 g6 26. Nh6+ Kg7 27. Qg5 Re5 28. Nf5+ Kg8 29.
Qxf6 Nxf6 30. Ng3 Rae8 31. f3 Ra8 32. Rec1 Ree8 33. Ne2 Nd7 34. Nd4 Kg7 35. Nc6 Rf8
36. Re1 f6 37. Nd4 Kh6 38. g4 Rfc8 39. f4 Re8 40. Ne6 Rac8 41. Kg2 Rg8 42. g5+ Kh5
43. Kg3 f5 44. exf5 gxf5 45. Nd4 Rce8 46. Re6 Rxe6 47. dxe6 Nf6 48. Nxf5 Ne4+ 49.
Kg2  1-0

[Event "36th Reykjavik op"]
[Site "Reykjavik ISL"]
[Date "2023.03.31"]
[Round "4.125"]
[White "Scotti, Martin"]
[Black "Southcott-Moyers, Indy"]
[WhiteElo "1734"]
[BlackElo "2094"]
[Result "1/2-1/2"]
[EventDate "2023.03.29"]
[PlyCount "73"]

1. d4 d5 2. c4 c6 3. Nc3 Nf6 4. e3 Bf5 5. cxd5 cxd5 6. Qb3 Bc8 7. Nf3 e6 8. Bd3 Nc6
9. O-O Bd6 10. e4 dxe4 11. Nxe4 Be7 12. Be3 O-O 13. Rac1 Qd5 14. Nxf6+ Bxf6 15. Qxd5
exd5 16. Bb5 Nd8 17. Rc5 Be7 18. Rc3 Bb4 19. Rb3 Bd6 20. Rc1 Bf5 21. Nh4 Be6 22.
Bd3 Rb8 23. Nf5 Bxf5 24. Bxf5 Nc6 25. Bd7 Ne7 26. Kf1 Rfd8 27. Bg4 Kf8 28. g3 h6
29. Kg2 Ng8 30. Rb5 Nf6 31. Bf3 Rd7 32. a4 a6 33. Rb6 Bc7 34. Rb3 Bd6 35. Rb6 Bc7
36. Rb3 Bd6 37. Rb6  1/2-1/2

[Event "36th Reykjavik op"]
[Site "Reykjavik ISL"]
[Date "2023.03.31"]
[Round "4.126"]
[White "Doraszelski, Alexander"]
[Black "Tan, Jimmy"]
[WhiteElo "2093"]
[BlackElo "1715"]
[Result "1-0"]
[EventDate "2023.03.29"]
[PlyCount "123"]

1. e4 d5 2. exd5 Nf6 3. Bb5+ Nbd7 4. d4 a6 5. Be2 Nxd5 6. c4 N5f6 7. Nf3 e6 8. O-O
Be7 9. Nc3 O-O 10. Bf4 c5 11. d5 exd5 12. cxd5 Nh5 13. Be3 Bd6 14. Qd2 Nhf6 15. a4
b6 16. Rad1 h6 17. Rfe1 Re8 18. h3 Nf8 19. Bd3 Bd7 20. Qc2 Qc8 21. Bf1 Ng6 22. Bc1
Qb7 23. Rxe8+ Rxe8 24. Qd3 Bc8 25. g3 Qc7 26. Bg2 Ne7 27. Nd2 Rd8 28. Nc4 Nf5 29.
Nxd6 Nxd6 30. Bf4 Qd7 31. g4 Re8 32. b3 Qe7 33. Qg3 Rd8 34. Be5 Nfe8 35. Kh2 f6 36.
Bf4 g5 37. Bd2 b5 38. Re1 Qf7 39. axb5 axb5 40. Qe3 c4 41. b4 Qc7 42. Kg1 Ng7 43.
Qg3 Qa7 44. Be3 Qd7 45. Bc5 Nge8 46. Bb6 Nc7 47. Ne4 Nxe4 48. Bxe4 Na6 49. Bxd8 Qxd8
50. Rd1 Bb7 51. Qf3 Bc8 52. d6 Bd7 53. Qa3 Qc8 54. Bf5 Nb8 55. Qe3 Nc6 56. Qc5 Bxf5
57. gxf5 Qd7 58. Qxb5 Kg7 59. Qxc4 Ne5 60. Qc7 Kf7 61. Qxd7+ Nxd7 62. Rc1  1-0

[Event "36th Reykjavik op"]
[Site "Reykjavik ISL"]
[Date "2023.03.31"]
[Round "4.127"]
[White "Karason, Askell Oern"]
[Black "Omarsson, Josef"]
[WhiteElo "2084"]
[BlackElo "1693"]
[Result "1-0"]
[EventDate "2023.03.29"]
[PlyCount "95"]

1. d4 Nf6 2. c4 g6 3. Nc3 Bg7 4. e4 d6 5. Be2 O-O 6. Bg5 Nbd7 7. Qd2 c5 8. d5 Re8
9. Nf3 a6 10. a4 Qc7 11. h3 e6 12. Qc2 exd5 13. cxd5 Ne5 14. Nd2 h6 15. Bf4 g5 16.
Bg3 Ng6 17. Nc4 Ne5 18. Bxe5 dxe5 19. a5 Bd7 20. O-O Bb5 21. Nb6 Rad8 22. Nxb5 axb5
23. Bxb5 Rf8 24. b4 Nxe4 25. Qxe4 f5 26. Qc2 e4 27. Qxc5 Qf4 28. Ra3 g4 29. g3 Qe5
30. Nd7 Rxd7 31. Bxd7 gxh3 32. d6 Qb2 33. Qd5+ Kh8 34. Rb3 Qc2 35. Bxf5 Rxf5 36.
Qxf5 Qxb3 37. Qxe4 h5 38. d7 Bf6 39. Qe8+ Kh7 40. Qxh5+ Kg7 41. Qxh3 Qxb4 42. Qf5
Qd2 43. Qg4+ Kf7 44. Rd1 Qh6 45. d8=Q Bxd8 46. Rxd8 Qc1+ 47. Kg2 Qc6+ 48. Qf3+  1-0

[Event "36th Reykjavik op"]
[Site "Reykjavik ISL"]
[Date "2023.03.31"]
[Round "4.128"]
[White "Carr, Jay"]
[Black "Heidarsson, Arnar Milutin"]
[WhiteElo "1663"]
[BlackElo "2075"]
[Result "1-0"]
[EventDate "2023.03.29"]
[PlyCount "77"]

1. Nf3 d5 2. e3 Nf6 3. b3 g6 4. Bb2 Bg7 5. d4 O-O 6. c4 b6 7. Nbd2 e6 8. Rc1 dxc4
9. Bxc4 Bb7 10. O-O Nbd7 11. Rc2 Re8 12. Qa1 Rc8 13. Rfc1 a6 14. Be2 Nd5 15. a3 b5
16. b4 N5b6 17. Nb3 Be4 18. Rd2 Qe7 19. Nc5 Nxc5 20. dxc5 Bxb2 21. Qxb2 Bxf3 22.
cxb6 Bxe2 23. Rxe2 c5 24. bxc5 Rxc5 25. Rec2 Rxc2 26. Qxc2 Qb7 27. Qc7 Rb8 28. Rc6
a5 29. Kf1 b4 30. Qxb7 Rxb7 31. axb4 axb4 32. Ke2 Kf8 33. Kd3 Ke8 34. Kc4 Kd7 35.
Kb5 Rb8 36. Rc4 b3 37. Rb4 Kc8 38. Rxb3 Kb7 39. Rc3  1-0

[Event "36th Reykjavik op"]
[Site "Reykjavik ISL"]
[Date "2023.03.31"]
[Round "4.129"]
[White "Manukonda, Arun"]
[Black "Hetland, Even"]
[WhiteElo "2061"]
[BlackElo "1680"]
[Result "1-0"]
[EventDate "2023.03.29"]
[PlyCount "37"]

1. d4 d5 2. c4 e6 3. Nc3 Nf6 4. Bg5 Be7 5. e3 O-O 6. Nf3 b6 7. cxd5 Nxd5 8. Bxe7
Nxe7 9. Bd3 Nd7 10. Qc2 h6 11. Bh7+ Kh8 12. Be4 c6 13. g4 Nd5 14. h4 f5 15. gxf5
exf5 16. Nxd5 fxe4 17. Qxc6 Ba6 18. Ng5 Rc8 19. Qg6  1-0

[Event "36th Reykjavik op"]
[Site "Reykjavik ISL"]
[Date "2023.03.31"]
[Round "4.130"]
[White "Pagan, Jonathan"]
[Black "Pedersen, Sondre-Andreas"]
[WhiteElo "2042"]
[BlackElo "1674"]
[Result "1/2-1/2"]
[EventDate "2023.03.29"]
[PlyCount "115"]

1. e4 c5 2. Nf3 e6 3. d4 cxd4 4. Nxd4 Nc6 5. Nc3 Qc7 6. Be3 a6 7. Qf3 Nf6 8. O-O-O
Ne5 9. Qg3 b5 10. f4 Neg4 11. Bg1 h5 12. e5 b4 13. Na4 Ne4 14. Qe1 Bb7 15. h3 Nh6
16. Kb1 Rc8 17. Bd3 Nc5 18. Nxc5 Bxc5 19. Qe2 g6 20. Nf3 Nf5 21. Qd2 O-O 22. Ng5
Rfd8 23. Bxc5 Qxc5 24. Rhg1 Ne3 25. Rc1 Nd5 26. Ne4 Nc3+ 27. Nxc3 bxc3 28. Qxc3 Qxc3
29. bxc3 Rxc3 30. Kb2 Rcc8 31. h4 d6 32. Rce1 dxe5 33. Rxe5 Rd5 34. Rxd5 Bxd5 35.
a3 a5 36. g3 Kf8 37. Rc1 Bc4 38. Bxc4 Rxc4 39. Kb3 Rc5 40. c4 f6 41. Kc3 e5 42. fxe5
Rxe5 43. Kd4 Ke7 44. a4 Re2 45. Rb1 Ra2 46. Kd5 Rxa4 47. Rb7+ Kf8 48. c5 Ra3 49.
c6 Rc3 50. c7 Ke8 51. Kd6 Rd3+ 52. Ke6 Re3+ 53. Kd6 Rd3+ 54. Ke6 Re3+ 55. Kxf6 Kd7
56. Ra7 Rxg3 57. Rxa5 Kxc7 58. Rg5  1/2-1/2

[Event "36th Reykjavik op"]
[Site "Reykjavik ISL"]
[Date "2023.03.31"]
[Round "4.131"]
[White "Bjorkman, Filip"]
[Black "Bryant, Harry"]
[WhiteElo "2040"]
[BlackElo "1652"]
[Result "1-0"]
[EventDate "2023.03.29"]
[PlyCount "149"]

1. e4 c5 2. Nf3 e6 3. d4 cxd4 4. Nxd4 a6 5. c4 Nf6 6. Nc3 Bb4 7. Qd3 d5 8. e5 Ne4
9. Bd2 Nxd2 10. Qxd2 Qc7 11. cxd5 Qxe5+ 12. Be2 O-O 13. dxe6 Bxe6 14. Nxe6 Qxe6 15.
O-O Nc6 16. Bf3 Rad8 17. Qf4 Rd4 18. Qc7 Rd7 19. Qg3 Bxc3 20. bxc3 Rd3 21. Rfe1 Qc4
22. Qc7 Rxc3 23. Qxb7 g6 24. Be2 Qa4 25. Qxa6 Qxa6 26. Bxa6 Nb4 27. Bb5 Ra3 28. Re2
Rfa8 29. Bc4 Rc3 30. Re4 Rc8 31. Bb3 Nd3 32. h3 Nc5 33. Rc4 Rxc4 34. Bxc4 Ne4 35.
Bd5 Nc3 36. Bf3 Rc4 37. Bd1 Kf8 38. Kf1 Rd4 39. Bb3 Ke7 40. Rc1 Nb5 41. Re1+ Kf8
42. Rd1 Ke7 43. Rxd4 Nxd4 44. Bc4 f6 45. Ke1 Kd6 46. Kd2 Kc5 47. Kc3 Nc6 48. a4 Na5
49. Bb5 Nb7 50. Bd3 Nd8 51. a5 Nc6 52. a6 Na7 53. Bc4 Nc6 54. Bg8 h6 55. Bf7 Kb6
56. Bc4 Kc5 57. Bd3 Kb6 58. Be4 Ne7 59. Bb7 Nf5 60. Kc4 Ne7 61. Kd4 h5 62. Ke4 Kc7
63. Kd4 Kb6 64. Ke4 Nf5 65. Kd5 Ng7 66. Kd6 h4 67. Ke7 Nh5 68. Kf7 Nf4 69. Kxf6 Nd3
70. Kxg6 Nxf2 71. Kg5 Nd1 72. Kxh4 Ne3 73. Kg5 Nxg2 74. Bxg2 Kxa6 75. h4  1-0

[Event "36th Reykjavik op"]
[Site "Reykjavik ISL"]
[Date "2023.03.31"]
[Round "4.132"]
[White "Zhou, Lepu Coco"]
[Black "Buchert, Matthaus"]
[WhiteElo "2034"]
[BlackElo "1641"]
[Result "0-1"]
[EventDate "2023.03.29"]
[PlyCount "90"]

1. e4 c5 2. Nf3 Nc6 3. Bb5 g6 4. c3 Bg7 5. d4 Qa5 6. a4 cxd4 7. O-O Nf6 8. e5 Nd5
9. cxd4 O-O 10. Bd2 Qc7 11. Qb3 e6 12. Nc3 Nxc3 13. Bxc3 d5 14. Bxc6 bxc6 15. Bb4
Rd8 16. Qc3 a5 17. Bd6 Rxd6 18. exd6 Qxd6 19. Rac1 Ra6 20. Ne5 Bb7 21. Nd3 Qc7 22.
Rfd1 Rb6 23. Ne5 Rb4 24. Nxc6 Rc4 25. Qxa5 Qxc6 26. Ra1 Bxd4 27. Rxd4 Rxd4 28. h3
Qa6 29. Qc7 Rc4 30. Qd8+ Kg7 31. b3 Rb4 32. Qc7 Qc6 33. Qg3 d4 34. Rd1 Rxb3 35. f3
d3 36. Qf4 Qb6+ 37. Kh2 Ba6 38. Qe5+ Kg8 39. Qe4 Qb8+ 40. f4 Rb4 41. Qc6 Qxf4+ 42.
Kh1 Rxa4 43. Rb1 d2 44. Qd7 Rd4 45. Rb8+ Qxb8  0-1

[Event "36th Reykjavik op"]
[Site "Reykjavik ISL"]
[Date "2023.03.31"]
[Round "4.133"]
[White "Andersson, Christer"]
[Black "Petursson, Gudni"]
[WhiteElo "1659"]
[BlackElo "2020"]
[Result "0-1"]
[EventDate "2023.03.29"]
[PlyCount "62"]

1. d4 d5 2. Bf4 Nf6 3. e3 c5 4. c3 cxd4 5. exd4 Nc6 6. Nf3 Bg4 7. Be2 e6 8. O-O Be7
9. h3 Bh5 10. Nbd2 O-O 11. Re1 a6 12. Ne5 Bg6 13. Nxg6 hxg6 14. Bd3 b5 15. a3 Bd6
16. Bxd6 Qxd6 17. Nf3 Rab8 18. Qe2 Na5 19. Nd2 Nc4 20. Nb1 Rfe8 21. Qc2 e5 22. Nd2
e4 23. Bf1 Qf4 24. Bxc4 bxc4 25. g3 Qc7 26. Kg2 Rb6 27. Nf1 Reb8 28. Reb1 Qe7 29.
Ne3 Nh7 30. h4 g5 31. h5 Nf6  0-1

[Event "36th Reykjavik op"]
[Site "Reykjavik ISL"]
[Date "2023.03.31"]
[Round "4.134"]
[White "Maleki, Nicolas"]
[Black "Vander Zwalmen, Miranda"]
[WhiteElo "2018"]
[BlackElo "1625"]
[Result "1-0"]
[EventDate "2023.03.29"]
[PlyCount "43"]

1. d4 Nf6 2. c4 e6 3. Nc3 Bb4 4. Bg5 h6 5. Bh4 O-O 6. e3 b6 7. Bd3 Bb7 8. Nge2 d6
9. O-O Bxc3 10. Nxc3 Nbd7 11. f4 Qc8 12. e4 d5 13. cxd5 exd5 14. e5 Ne4 15. f5 c5
16. Rc1 Nxc3 17. bxc3 Ba6 18. f6 Bxd3 19. Qxd3 g6 20. e6 Ne5 21. exf7+ Kxf7 22. dxe5
 1-0

[Event "36th Reykjavik op"]
[Site "Reykjavik ISL"]
[Date "2023.03.31"]
[Round "4.135"]
[White "Brunier, Jules"]
[Black "Bajoghli, Navid"]
[WhiteElo "2015"]
[BlackElo "1598"]
[Result "1/2-1/2"]
[EventDate "2023.03.29"]
[PlyCount "250"]

1. e4 c5 2. Nf3 e6 3. d4 cxd4 4. Nxd4 Nc6 5. Nxc6 bxc6 6. Bd3 Qc7 7. O-O d5 8. Re1
Bd6 9. exd5 cxd5 10. Bb5+ Kf8 11. Qxd5 Bb7 12. Qc4 Bxh2+ 13. Kh1 Qxc4 14. Bxc4 Bd6
15. b3 Nf6 16. Ba3 Bxa3 17. Nxa3 Rd8 18. Re5 Rd7 19. Ra5 Ke7 20. Bb5 Rc7 21. Kg1
Bc8 22. Rd1 Rd8 23. Rxd8 Kxd8 24. c4 Ne4 25. f3 Nd6 26. Ba6 Bd7 27. c5 Nf5 28. Bd3
Nd4 29. Be4 f5 30. Ba8 Kc8 31. Kf2 Kb8 32. Ke3 Nxb3 33. axb3 Kxa8 34. Kd4 Rb7 35.
Nc4 Bc6 36. Ra3 Rd7+ 37. Nd6 Kb8 38. b4 h6 39. Ke5 Bd5 40. b5 Rc7 41. c6 Re7 42.
Ra1 Bb3 43. Ra3 Bd5 44. Nxf5 exf5+ 45. Kxd5 Re2 46. g3 Rb2 47. c7+ Kxc7 48. Rxa7+
Kd8 49. Rxg7 Rxb5+ 50. Kd6 Ke8 51. Ke6 Kf8 52. Rf7+ Kg8 53. Rxf5 Rb6+ 54. Ke5 Rb5+
55. Ke4 Rb4+ 56. Kd3 Kg7 57. Rc5 Ra4 58. Rc4 Ra6 59. Ke4 Re6+ 60. Kd5 Re3 61. Rf4
Kg6 62. Kd4 Ra3 63. Rf8 Ra4+ 64. Ke5 Ra5+ 65. Kf4 Ra4+ 66. Ke3 Ra3+ 67. Kf2 Ra2+
68. Kg1 Rb2 69. Re8 Ra2 70. Re1 Kg5 71. Rf1 Rb2 72. Rf2 Rb1+ 73. Kg2 Ra1 74. Rf1
Ra3 75. Kh3 Rb3 76. f4+ Kh5 77. Re1 Ra3 78. Re5+ Kg6 79. Kg4 Ra6 80. Rh5 Ra1 81.
Rb5 Ra3 82. f5+ Kg7 83. Rb7+ Kf6 84. Rb6+ Kg7 85. Kh4 Ra1 86. Kg4 Rc1 87. Rg6+ Kh7
88. Kh3 Rf1 89. Kg4 Ra1 90. Rc6 Kg7 91. Rb6 Rc1 92. Rd6 Ra1 93. Kf4 Rf1+ 94. Kg4
Ra1 95. Kh3 Rf1 96. g4 Rh1+ 97. Kg2 Ra1 98. Re6 Ra3 99. Rg6+ Kh7 100. Kf2 Rb3 101.
Re6 Kg7 102. Re3 Rb1 103. Kg3 Rb4 104. Kf3 Kf6 105. Re6+ Kg7 106. Re4 Rb1 107. Kf4
Rf1+ 108. Ke5 Ra1 109. Kd6 Ra6+ 110. Ke5 Ra1 111. Kf4 Ra7 112. Re6 Ra4+ 113. Kg3
Ra1 114. Rg6+ Kh7 115. Kh4 Rh1+ 116. Kg3 Ra1 117. Kg2 Ra3 118. g5 hxg5 119. Rxg5
Kh6 120. Rg6+ Kh5 121. Rg8 Ra5 122. Rf8 Kg5 123. f6 Rf5 124. f7 Kf6 125. Kg3 Ke7
 1/2-1/2

[Event "36th Reykjavik op"]
[Site "Reykjavik ISL"]
[Date "2023.03.31"]
[Round "4.136"]
[White "Gkogkas, Dimitrios"]
[Black "Heidarsson, Mikael Bjarki"]
[WhiteElo "2015"]
[BlackElo "1591"]
[Result "1-0"]
[EventDate "2023.03.29"]
[PlyCount "59"]

1. d4 Nf6 2. Nf3 e6 3. g3 d5 4. Bg2 Be7 5. c4 c6 6. Qc2 O-O 7. O-O h6 8. Nbd2 Nbd7
9. e4 dxe4 10. Nxe4 Re8 11. Rd1 Qa5 12. Bf4 Nxe4 13. Qxe4 Bf6 14. Ne5 g5 15. Bd2
Qc7 16. Bc3 Bg7 17. Rd2 f5 18. Qe2 Bxe5 19. dxe5 Nf8 20. Qh5 Qf7 21. Qxh6 Nh7 22.
Rad1 g4 23. h3 gxh3 24. Bxh3 b6 25. Bg2 Bb7 26. Bf3 Re7 27. Rd6 Rf8 28. Bh5 Qg7 29.
Rxe6 f4 30. Rg6  1-0

[Event "36th Reykjavik op"]
[Site "Reykjavik ISL"]
[Date "2023.03.31"]
[Round "4.137"]
[White "Arian, Tomer"]
[Black "Verweij, Kees"]
[WhiteElo "1644"]
[BlackElo "2010"]
[Result "1-0"]
[EventDate "2023.03.29"]
[PlyCount "91"]

1. e4 d6 2. d4 Nf6 3. Nc3 g6 4. Be2 Bg7 5. Be3 c6 6. Qd2 b5 7. a3 Qa5 8. Bf3 Ng4
9. Bxg4 Bxg4 10. h3 Bc8 11. Nf3 Nd7 12. O-O O-O 13. Bh6 Qc7 14. d5 Nf6 15. dxc6 Qxc6
16. Rfe1 a6 17. Nd4 Qc5 18. Rad1 Re8 19. Bxg7 Kxg7 20. Kh1 Qh5 21. Re3 Kh8 22. Nce2
Qh6 23. Kg1 Bb7 24. Ng3 e6 25. Nb3 Rad8 26. Qd4 Qh4 27. Qb6 Bc8 28. Rxd6 Nd7 29.
Qd4+ e5 30. Qc3 Qe7 31. Red3 Kg8 32. Na5 Nf8 33. Nc6 Qxd6 34. Rxd6 Rxd6 35. Nxe5
h5 36. h4 Be6 37. Qe3 Nh7 38. Nf3 Bg4 39. Nd4 Rd7 40. f3 Be6 41. e5 Bd5 42. f4 Nf6
43. Qc3 Ng4 44. Nf1 Bb7 45. Qd3 Kg7 46. Nf5+  1-0